000 00771nam a2200241 i 4500
999 _c49221
_d49221
001 BINCO
003 CO-MdBIC
005 20200319163016.0
008 200319t1998 mx a||a| |||| 00| j eng d
020 _a1-58169-018-5
040 _aCO-MdBIC
_bspa.
_cCO-MdBIC
_dCO-MdBIC
041 _aeng
082 0 4 _a818HC
_222
_bF91w
100 1 _aFriedmann, Frank
_tWho Am I?
245 1 0 _aWho Am I?
_c/ Frank Friedmann ; ilustrado Joe McCormick
264 _aMexico:
_bGenesis Communications, inc :
_c©1998
300 _a[10 paginas] :
_bIlustraciones a color ;
_c20 cm.
505 _aResponde a la pregunta quien soy en Dios
650 1 4 _aCuentos Infantiles estadounidenses
700 _aFriedmann, Frank
_eEscritor
700 _aMcCormick, Joe
_eIlustrador
942 _cLGB